Biblioteca

El lado positivo de la adversidad : (Registro nro. 71382)

Detalles MARC
000 -LÍDER
Campo fijo de descripción fija 02049nam a2200349 i 4500
001 - NÚMERO DE CONTROL
Campo de control 768714001
003 - IDENTIFICADOR DEL NÚMERO DE CONTROL
Campo de control CO-MdFUSB
005 - FECHA Y HORA DE LA ULTIMA TRANSACCIÓN
control field 20260327165510.0
007 - CAMPO FIJO DE DESCRIPCIÓN FIJA--INFORMACIÓN GENERAL
Campo fijo de descripción fija ta
008 - ELEMENTOS DE LONGITUD FIJA -- INFORMACIÓN GENERAL
Campo fijo de descripción fija -- Información general t2006 -us||||g |||| 00| 0 spa d
020 ## - NÚMERO INTERNACIONAL NORMALIZADO PARA LIBROS
Número Internacional Normalizado del libro 0-7899-1545-6
020 ## - NÚMERO INTERNACIONAL NORMALIZADO PARA LIBROS
Número Internacional Normalizado del libro 978-0-7899-1545-0
040 ## - FUENTE DE CATALOGACIÓN
Agencia de catalogación original CO-MdFUSB
Idioma de catalogación spa
Agencia que realiza la transcripción CO-MdFUSB
Agencia que realiza la modificación CO-MdFUSBC
Convenciones de la descripción rda
041 ## - CÓDIGO DE IDIOMA
Código de idioma para texto/pista de sonido o título separado spa
Código de idioma original eng
082 ## - NÚMERO DE CLASIFICACIÓN DECIMAL DEWEY
Número de la edición del Dewey 23
Número de clasificación 248.4
Clave de autor-Numero de item H654
100 ## - ASIENTO PRINCIPAL--NOMBRE PERSONAL
Nombre personal Hillman, Os
Término relacionador autor
240 ## - TITULO UNIFORME
Título uniforme <a href="The upside of adversity.">The upside of adversity.</a>
245 13 - TÍTULO
Título del Material El lado positivo de la adversidad :
Parte restante del título - Subtitulo ascienda del pozo a la grandeza
Mención de responsabilidad, etc. / Os Hillman
264 #1 - PRODUCCIÓN, PUBLICACIÓN, DISTRIBUCIÓN, MANUFACTURA, Y COPYRIGHT
Lugar de producción, publicación, distribución, manufactura Miami, Florida :
Nombre del productor, publicador, distribuidor Unilit,
Fecha de producción, publicación, distribución, manufactura, o copyright [2006]
264 #4 - PRODUCCIÓN, PUBLICACIÓN, DISTRIBUCIÓN, MANUFACTURA, Y COPYRIGHT
Fecha de producción, publicación, distribución, manufactura, o copyright ©2006
300 ## - DESCRIPCIÓN FÍSICA
Extensión 227 páginas
Dimensiones ; 20 cm
336 ## - TIPO DE CONTENIDO
Fuente rdacontent
Término de tipo de contenido texto
Código de tipo de contenido txt
337 ## - TIPO DE MEDIO
Fuente rdamedia
Nombre del tipo de medio sin mediación
Código del tipo de medio n
338 ## - TIPO DE SOPORTE
Fuente rdacarrier
Nombre del tipo de soporte volumen
Código Tipo de soporte nc
500 ## - NOTA GENERAL
Nota General Incluye índice general ; Citas bíblicas tomadas de la Nueva Versión Internacional Sociedad Bíblica Internacional ; algunas citas tomadas de la Reina-Valera 1960 (RV-60)
505 ## - NOTA DE CONTENIDO
Nota de contenido con formato preestablecido Reconocimientos. -- Prólogo. -- Dan Cathy. -- Introducción. -- Primera parte: Algunos líderes son llamados a una adversidad extraordinaria. -- Usted tiene un Llamamiento de José. -- La manera en que Dios llama a un líder. -- El hueco negro. -- El lugar desierto. -- Segunda parte: Algunos líderes son llamados a pasar pruebas. -- Primera prueba: La Prueba de Judas. -- Segunda prueba: La Prueba de la integridad. -- Tercera prueba: La Prueba de la perseverancia. -- Cuarta prueba: La Prueba del éxito. -- Tercera parte: Por qué sufrimos. -- ¿Por qué sufren la gente buena?. -- El sufrimiento, la enfermedad y el pecado. -- La adversidad que proviene de fortalezas. -- Cuarta parte: Preparémonos para la aventura que nos espera. -- Nuestra respuesta a la adversidad. -- Enfrentémonos al temor al fracaso. -- Atrévase a cumplir su Llamamiento de José. -- Resumen.<br/>
563 ## - NOTA DE ENCUADERNACIÓN
Nota de encuadernación Rústico
650 #0 - ASIENTO SECUNDARIO DE MATERIA - TERMINO TEMÁTICO
Término temático o nombre geográfico como elemento de entrada Vida cristiana
9 (RLIN) 19
653 ## - TÉRMINO DE INDIZACIÓN - NO CONTROLADO
Término no controlado Superación personal y adversidad
942 ## - TIPO DE MATERIAL (KOHA)
Tipo de Item KOHA Libros General
945 ## - INFORMACIÓN LOCAL DEL REGISTRO
Catalogador Catherine Arias Alvarez
Existencias
Estado de Material Estado de Perdido Forma de Clasificación Estado de Dañado No para Préstamo Colección Biblioteca de Origen Biblioteca Permanente Fecha de Adquisición Total de Préstamos Signatura Topográfica Código de Barras Última vez visto Ejemplar/Existencia Fecha de Remplazo Tipo de Material
    Dewey Decimal Classification     Colección General Biblioteca FUSBC Biblioteca FUSBC 10/07/2025   G 248.4 H654l 25759 10/07/2025 Ej. 1 10/07/2025 Libros General

Biblioteca FUSBC | Teléfono: (57+4) 349 88 10 Ext. 141| WhatsApp (+57) 3005338115 
E-mail: biblioteca@unisbc.edu.co | Calle 76 87-14 Robledo Palenque, Medellín, Colombia

Con tecnología Koha